000
00362nam a2200169Ia 4500
003
IT-RoPAU
008
120407s9999 xx 000 0 und d
040
_a
IT-RoPAU
040
_c
IT-RoPAU
100
_a
Tony Murdock
245
2
_a
A scuola di ginnastica
260
_a
Edizioni Paoline
300
_c
cm
490
_v
1
700
_a
Nik Stuart
942
_c
BK
999
_c
3230
_d
3230